000 00486nam a2200169 i 4500
001 142061
003 ES-MaACL
005 20230906200433.0
007 t|
008 071002s1909 fr ||||1| fre d
100 1 _aWaliszewski, Kazimierz.
_9115920
245 1 0 _aHistoire des litteratures
_b: litterature russe /
_cKazimierz Waliszewski.
250 _a2em. ed.
260 _aCouloummiers :
_bPaul Brodard,
_c1909.
300 _aVIII, 448 p. ;
_c20 cm.
852 _aES-MaACL
_jF-5828
999 _c142061
_d142061